000 00432nam a2200157Ia 4500
008 230718s9999 xx 000 0 und d
041 _aeng
082 _a005.3684
_bMCF
100 _aMcFedries P.
_9131638
245 _aFormulas And Functions With Microsoft Office Excel 2007
260 _bPearson Education
300 _a523
365 _cRs.
_b475.00
700 _aMcFedries P.
_9131638
906 _dB:126703-Aug-2007
_cCOMP
_b95
999 _c317416
_d317416